| 000 | 01508nam0a2200409 4500 | ||
|---|---|---|---|
| 001 | RU\NLR\BIBL_A\012246783 | ||
| 005 | 20250211141419.0 | ||
| 010 |
_a978-5-222-33525-3 _97000 |
||
| 021 |
_aRU _bКН-П-24-010534 _9КН-П-24-1087 |
||
| 021 |
_aRU _bКН-П-22-022375 _9КН-П-22-1914 |
||
| 021 |
_aRU _bКН-П-20-006486 _9КН-П-20-0495 |
||
| 021 |
_aRU _bКН-П-20-082998 _9КН-П-20-6298 |
||
| 035 | _a(NLR Aleph) 012246783 | ||
| 035 | _a(RuMoRGB)010264672 | ||
| 090 |
_a11060602 _c11060602 |
||
| 100 | _a20200316d2020 u y0rusy50 ca | ||
| 101 | 0 | _arus | |
| 102 | _aRU | ||
| 105 | _aac z 000zy | ||
| 181 | 0 |
_ai _baxxe |
|
| 182 | 0 | _an | |
| 200 | 1 |
_aБеседы о войне _eэнциклопедия для малышей _fЕлена Ульева |
|
| 203 |
_aТекст _bвизуальный _cнепосредственный |
||
| 205 | _aИзд. 2-е | ||
| 210 |
_aРостов-на-Дону _cФеникс _d2020 |
||
| 215 |
_a135 с. _cил., цв. ил., портр. _d26 |
||
| 225 | 1 | _aМоя первая книжка | |
| 333 | _a6+ | ||
| 606 | 1 |
_aВеликая Отечественная война _z1941 - 1945 _jЭнциклопедии для детей _2nlr_sh1 _2nlr_sh2 _3RU\NLR\AUTH\668893 |
|
| 686 | 0 |
_aШ9 _bТ3(2)722 |
|
| 700 | 1 |
_aУльева _bЕ. А. _gЕлена Александровна |
|
| 942 | _cBOOK | ||
| 980 | _aNBR | ||
| 980 | _aNB | ||